00631nam a22002057a 450000500170000001000130001702000220003003500130005203700160006504000120008108200150009310000200010824500890012826000370021727000530025430000240030750000500033165000220038165000220040320170124105934.0 aA-479411 c00.00a8171320295 aA-479411 bCen Lib/Ret aDPLbEN a320.5bGUP aGupta, Damyanti aPolitical thought and interpretation :cby Damyanti Guptabthe linguistic approach / aJaipurbPointer Publishersc1990 a807, Vyas Building, Chaura RastabJaipure302003 axii,216p.c21cm(Hb) aIncludes bibliographical references and index aPolitical science aPolitical thought